El proyecto de educación infantil y su práctica en el aula /

Detalles Bibliográficos
Autor principal: Ibáñez Sandín, Carmen (Autor)
Formato: Electrónico eBook
Lenguaje:español
Publicado: Madrid : Arco/Libros, S. L., [2023]
Edición:23a edición.
Colección:Aula abierta (Madrid, Spain)
Materias:
Acceso en línea:Digitalia Hispánica

MARC

LEADER 00000nam a2200000Ii 4500
001 DIGARCOL0236
003 NyNyDIG
006 m o d
007 cr |||||||||||
008 241001s2023 sp a ob 000 0 spa d
035 |a (OCoLC)1459765020 
040 |a DGITA  |b eng  |e rda  |e pn  |c DGITA 
020 |z 9788471336019 
050 1 4 |a LB1140.2 ebook 
100 1 |a Ibáñez Sandín, Carmen,  |e author. 
245 1 3 |a El proyecto de educación infantil y su práctica en el aula /  |c Carmen Ibáñez Sandín. 
250 |a 23a edición. 
264 1 |a Madrid :  |b Arco/Libros, S. L.,  |c [2023] 
300 |a 1 online resource :  |b illustrations. 
336 |a text  |b txt  |2 rdacontent 
337 |a computer  |b c  |2 rdamedia 
338 |a online resource  |b cr  |2 rdacarrier 
347 |a text file  |2 rdaft 
347 |b PDF 
490 1 |a Colección Aula abierta 
504 |a Includes bibliographical references. 
588 0 |a Online resource; title from PDF title page (Digitalia, viewed October 1, 2024) 
650 0 |a Education, Preschool 
650 0 |a Education, Preschool  |x Curricula. 
650 0 |a Education, Preschool  |x Study and teaching. 
791 2 |a Digitalia (Firm),  |e distributor. 
793 0 |g Digitalia eBook Collection:  |a Arco/Libros 
776 0 8 |i Print version:  |a Ibáñez Sandín, Carmen.  |t Proyecto de educación infantil y su práctica en el aula.  |b 23a edición.  |d Madrid : Arco/Libros, S. L., [2023]  |z 9788471336019 
830 0 |a Aula abierta (Madrid, Spain) 
856 4 0 |3 Digitalia Hispánica  |u https://www.digitaliapublishing.com/a/138101/ 
910 |a Premium collection: 2024